000 00276nam a2200109Ia 4500
008 220204s9999 xx 000 0 und d
082 _a304
_bHEA
100 _aHeadey, B
245 0 _aHousing policy in the developed economy
260 _aLondon
_bCroom Helm
_c1978
942 _cBK
999 _c30458
_d30458